| 000 -LEADER |
| fixed length control field |
02223cam a2200301Ka 4500 |
| 082 04 - DEWEY DECIMAL CLASSIFICATION NUMBER |
| Classification number |
960 |
| Author Mark |
SMI |
| 100 1# - MAIN ENTRY--PERSONAL NAME |
| Personal name |
Smith, Arthur Donaldson, |
| 9 (RLIN) |
50127 |
| 245 10 - TITLE STATEMENT |
| Title |
Through unknown African countries |
| Remainder of title |
the first expedition from Somaliland to Lake Lamu / |
| Statement of responsibility, etc. |
by A. Donaldson Smith ... ; illustrated. |
| 260 ## - PUBLICATION, DISTRIBUTION, ETC. |
| Place of publication, distribution, etc. |
London ; |
| -- |
New York : |
| Name of publisher, distributor, etc. |
Edward Arnold, publisher to the India Office, |
| Date of publication, distribution, etc. |
1897, c1896. |
| 300 ## - PHYSICAL DESCRIPTION |
| Extent |
xvi, 471, [5] p., [6] leaves of plates (5 folded) : |
| Other physical details |
ill., facsim., 6 maps (some col.), ports. ; |
| Dimensions |
26 cm. |
| 500 ## - GENERAL NOTE |
| General note |
Advertisements at end. |
| 500 ## - GENERAL NOTE |
| General note |
Issued in publisher's gold-stamped pictorial cloth binding (title and elephant's head with golden tusks within ruled borders). |
| 505 2# - FORMATTED CONTENTS NOTE |
| Formatted contents note |
Appendices: A. Report on a collection of fishes made by Dr. A. Donaldson Smith during his expedition to Lake Rudolf / by Dr. Albert Günther -- V. Order Araneae / by Eugène Simon -- C. Solifugae, Scorpiones, Chilopoda, and Diplopoda / by R.I. Pocock -- D. List of Lepidoptera Heterocera collected by Dr. A. Donaldson Smith / by W.J. Holland -- E. Note on Dr. Donaldson Smith's geological collection / by J.W. Gregory -- F. On the fossil Cephalopoda from Somaliland collected by Dr. Donaldson Smith / by G.C. Crick -- G. Catalogue of ethnographical objects from Somaliland and the Galla country collected by Dr. A. Donaldson Smith, in Museum of Science and Art, University of Pennsylvania / by Stewart Culin -- H. Lists of a few words spoken by the Konso, Dume, and Arbore (Amar) tribes -- I. Coleoptera / by Dr. Karl Jordan -- J. Emperor Menelek's letter (French translation). |
| 526 ## - STUDY PROGRAM INFORMATION NOTE |
| Program name |
0 |
| Interest level |
0 |
| Reading level |
0 |
| Title point value |
960_000000000000000_SMI |
| 650 #0 - SUBJECT ADDED ENTRY--TOPICAL TERM |
| Topical term or geographic name entry element |
Natural history |
| Geographic subdivision |
Africa, East. |
| 9 (RLIN) |
50128 |
| 650 #0 - SUBJECT ADDED ENTRY--TOPICAL TERM |
| Topical term or geographic name entry element |
Scientific expeditions |
| Geographic subdivision |
Africa, East. |
| 9 (RLIN) |
50129 |
| 700 1# - ADDED ENTRY--PERSONAL NAME |
| Personal name |
Crick, G. C. |
| 9 (RLIN) |
50130 |
| 700 1# - ADDED ENTRY--PERSONAL NAME |
| Personal name |
Culin, Stewart, |
| 9 (RLIN) |
50131 |
| 700 1# - ADDED ENTRY--PERSONAL NAME |
| Personal name |
Gregory, J. W. |
| 9 (RLIN) |
50132 |
| 700 1# - ADDED ENTRY--PERSONAL NAME |
| Personal name |
Günther, Albert C. L. G. |
| 9 (RLIN) |
50133 |
| 700 1# - ADDED ENTRY--PERSONAL NAME |
| Personal name |
Holland, W. J. |
| 9 (RLIN) |
50134 |
| 700 1# - ADDED ENTRY--PERSONAL NAME |
| Personal name |
Jordan, Karl, |
| 9 (RLIN) |
50135 |
| 700 1# - ADDED ENTRY--PERSONAL NAME |
| Personal name |
Pocock, R. I. |
| 9 (RLIN) |
50136 |
| 700 1# - ADDED ENTRY--PERSONAL NAME |
| Personal name |
Simon, Eugène, |
| 9 (RLIN) |
50137 |
| 856 40 - ELECTRONIC LOCATION AND ACCESS |
| Uniform Resource Identifier |
<a href="http://catalog.hathitrust.org/api/volumes/oclc/46321291.html">http://catalog.hathitrust.org/api/volumes/oclc/46321291.html</a> |
| 856 40 - ELECTRONIC LOCATION AND ACCESS |
| Uniform Resource Identifier |
<a href="http://catalog.hathitrust.org/api/volumes/oclc/852411.html">http://catalog.hathitrust.org/api/volumes/oclc/852411.html</a> |
| 942 ## - ADDED ENTRY ELEMENTS (KOHA) |
| Source of classification or shelving scheme |
|
| Koha item type |
Book |